000 00444nam a2200145Ia 4500
008 100122s9999 xx 000 0 und d
082 _b53576
_a799.2
100 _aदुर्वे लालू
245 _aकॉल ऑफ द टायगर
260 _bआरती प्रकाशन
_c1997
300 _a189
630 _aकॉल ऑफ द टायगर
730 _aकॉल ऑफ द टायगर
942 _cBOOK
999 _c430583
_d430580